000 00400pab a2200157 454500
008 180718b2008 xxu||||| |||| 00| 0 eng d
100 _aKumar, Rama Sampath
245 _aFrom Kosovo to Georgia: the US NATO and Russia
260 _c2008
300 _ap.24-31.
362 _a6 Sep
650 _aInternational relations
773 _aEconomic and Political Weekly
908 _aN
909 _a79491
999 _c79491
_d79491